000 00546nam a2200181 a 4500
005 20140412111305.0
008 010402s19uu xx 00 eng d
020 _a0-7214-1542-3
050 _aER
_bHa11 1993
100 _aDaly, Audrey
245 _aHansel and Gretel /
_cby Audrey Daly ; illustrated by Peter Stevenson.
260 _aLeicestershire, UK :
_bLadybird Books,
_c1993.
300 _a1 v. (unp.) ; ill.
440 _aFavourite Tales
650 _aBrothers and sisters - Stories
650 _aChildren's stories
999 _c103624
_d103624